College Quizbowl Stats
College Quizbowl Stats
Circuits
Seasons
Sets
Records
Detailed Stats
About
Loading...
2024 Penn Bowl CWRU
Tossups
Bonuses
Players
Teams
Categories (Tossup)
Categories (Bonus)
Mikolai Davis
Ohio State C
Categories
Category
Powers
Gets
Negs
BBs
Points
Earliest Buzz
Avg. Buzz
First Buzzes
Top 3 Buzzes
History - World History
0
2
0
2
20
134
134.50
0
1
Science - Biology
0
2
0
0
20
94
114.50
1
1
Mythology
0
1
0
0
10
92
92.00
1
1
History - American History
0
0
0
0
0
0.00
0
0
Literature - American Literature
0
0
1
0
-5
0.00
0
0
Buzzes
Category
Answer
Value
Buzz Position
Mythology
Andromeda
10
92
Science - Biology
microtubules
10
94
Science - Biology
eusociality
0
121
History - American History
Lenape
0
129
History - World History
Peru
0
130
Literature - American Literature
Shirley Jackson
-5
131
History - World History
the Philippines
10
134
History - World History
Timbuktu
10
135
Science - Biology
bacterial conjugation
10
135
Previous
1
Next